Filosofía Actual y Humanismo (Ensayo Filosófico)

Αποθηκεύτηκε σε:
Λεπτομέρειες βιβλιογραφικής εγγραφής
Κύριος συγγραφέας: Olarte Sáenz del Castillo, Teodoro
Μορφή: Βιβλίο
Γλώσσα:Undetermined
Έκδοση: San José, Costa Rica Editorial Costa Rica 1966
Θέματα:
Ετικέτες: Προσθήκη ετικέτας
Δεν υπάρχουν, Καταχωρήστε ετικέτα πρώτοι!

MARC

LEADER 00000nam a2200000Ia 4500
008 170316s9999 xx 000 0 und d
090 |a 100 O-4f 
100 |a Olarte Sáenz del Castillo, Teodoro 
245 |a Filosofía Actual y Humanismo (Ensayo Filosófico) 
260 |a San José, Costa Rica 
260 |b Editorial Costa Rica 
260 |c 1966 
300 |a 329 páginas 
650 |a FILOSOFÍA 
650 |a FILOSOFÍA TRADICIONAL 
650 |a EVOLUCIÓNISMO 
650 |a EL EXISTENCIALISMO 
650 |a BLAS PASCAL 
650 |a HEIDEGGER 
650 |a JUAN PABLO SARTRE 
650 |a EXISTENCIALISMO RUSO 
650 |a EXISTENCIALISMO CRISTIANO 
650 |a EXISTENCIALISMO ITALIANO 
650 |a EL QUIJOTE 
650 |a FILOSOFÍA - CULTURA PERSONAL 
650 |a LA FILOSOFÍA EN LA UNIVERSIDAD - SU FUNCIÓN 
999 |c 17207  |d 17207 
040 |a cru BVZT 
942 |c 15 D  |h 100 O-4f  |2 z